000 00997nam a2200241Ia 4500
008 0000002010 le d 0000000000eng00
090 _aPSP00 E77e1
245 1 0 _aEsteban Lisa
_b: in the land of the cedars. tradition and abstraction
300 _a1 plegable [6] p.
_c/ 20 cm.
500 _aExposición realizada en Villa Audi, Fondation Audi, Beirut, marzo abril, 2010 \ Incluye datos biográficos del artista \ Proyecto Ganador Programa Apoyos Concertados FGAA 2010
505 _aOBRA : Juego de líneas y colores
600 0 0 _aLISA, ESTEBAN, 18951983/
_xTRABAJOS PICTORICOS
650 1 4 _aARTE CONTEMPORANEO ESPAÑOL
650 1 4 _aARTISTAS PLASTICOS ESPAÑOLES EXPOSIONES
650 1 4 _xCATALOGOS
650 1 4 _aDIBUJO AL PASTEL
650 1 4 _xEXPOSICIONES
650 1 4 _aPINTORES ESPAÑOLES
650 1 4 _aPINTURA ABSTRACTA ESPAÑOLA
650 1 4 _aPINTURA AL OLEO
650 1 4 _aPINTURA ESPAÑOLA
999 _c12298
_d12298
260 _aLibano (Beirut) : Villa Audi, Fondation Audi
_c2010